000 00525nam a2200205Ia 4500
001 14880
003 GE_BSU
008 181216s||||||||xx |||||||||||||| ||und||
040 _cGE_BSU
080 _a514.14(075.8)
100 _aБакельман,И.Я
245 _aВысшая геометрия
245 _cРед.В.В.Гольдберг
260 _aМосква
260 _bПросвещение
260 _c1967
300 _a366стр.22см.
653 _aВысшая геометрия
942 _cBK
999 _c48000
_d48000